Flagi państw z jednym sąsiadem - Statystyki

Ogólne statystyki
  • Ten quiz został rozwiązany 53 razy
  • Średni wynik to 15 z 17
Statystyki odpowiedzi
Obrazkowy Odpowiedź % Poprawnych
Korea Południowa
100%
Dania
98%
Kanada
98%
Portugalia
98%
Watykan
98%
Wielka Brytania
98%
Irlandia
96%
Katar
94%
Monako
94%
San Marino
90%
Dominikana
84%
Haiti
76%
Papua Nowa Gwinea
76%
Lesotho
71%
Brunei
67%
Timor Wschodni
63%
Gambia
59%
Nie znaleziono quizów pasujących do podanych kryteriów
Rozkład punktacji
Procent ludzi z każdym wynikiem
Percentyl według liczby udzielonych odpowiedzi
Twoja historia wyników
Nie rozwiązałeś tego quizu